00223nam a2200085Ia 4500008004100000041000800041100001700049245003500066260003600101241105s9999 xx 000 0 und d aeng aShah Kashyap aAdaptable Housing Morphologies bM Arch Digital BNCA, Punec2015